000 00493nam a22001817a 4500
008 170807b xxu||||| |||| 00| p tur d
020 _a9789944756488
041 _atur
050 _aPL248.E6878
100 _aErgülen, Haydar
_9222
245 _aZarf
_cHaydar Ergülen
250 _a1.Basım
260 _aİstanbul
_bKırmızı Kedi Yayınevi
_cEkim 2010
300 _a119 Sayfa
500 _aKırmızı Kedi Yayınevi : 47 Şiir : 1
650 0 _9145
_aTürk Edebiyatı
942 _2lcc
_cBK
999 _c1005
_d983